书目信息 |
| 题名: |
2012考研政治思想道德修养与法律基础课堂讲义
|
|
| 作者: | 蒋中挺 主编 | |
| 分册: | ||
| 出版信息: |
|
|
| 页数: | 134页 | |
| 开本: | 28cm | |
| 丛书名: | ||
| 单 册: | ||
| 中图分类: | G641.6 | |
| 科图分类: | ||
| 主题词: | 教育--各级 | |
| 电子资源: | ||
| ISBN: | ||
| 000 | 00587nam0 2200181 45 | |
| 001 | 1241089487 | |
| 005 | 20121008121437.73 | |
| 100 | @a20090515d ekmy0 y0120 ea | |
| 102 | @aCN@b130000 | |
| 105 | @ay z 000yy | |
| 200 | 1 | @a2012考研政治思想道德修养与法律基础课堂讲义@A2012 kao yan zheng zhi si xiang dao de xiu yang yu fa lu ji chu ke tang jiang yi@f蒋中挺主编@Fjiang zhong ting zhu bian |
| 215 | @a134页@d28cm | |
| 606 | 0 | @a教育@x各级 |
| 690 | @aG641.6@v4 | |
| 701 | 0 | @a蒋中挺@Ajiang zhong ting@4主编 |
| 801 | 0 | @aCN@c20091012 |
| 905 | @a10447@dG641.6@eJ606 | |
| 906 | @d36@n3@r1 | |
| 2012考研政治思想道德修养与法律基础课堂讲义/蒋中挺主编 |
| 134页;28cm |
| ISBN : |
| ● |
| 相关链接 |
|
|
|
正题名:2012考研政治思想道德修养与法律基础课堂讲
索取号:G641.6/J606
 
预约/预借
| 序号 | 登录号 | 条形码 | 馆藏地/架位号 | 状态 | 备注 |
| 1 | 487088 | 204870880 | 社科库409/422社科库 24排1列5层/ [索取号:G641.6/J606] | 在馆 |